| 000 | 00651nam a22001937a 4500 | ||
|---|---|---|---|
| 005 | 20180706170221.0 | ||
| 010 | _aENG-123069 | ||
| 020 |
_c350.00 _a9789386262455 |
||
| 035 | _aEN-106601 | ||
| 037 | _aDBAD/PUB. | ||
| 082 | _a370.954 | ||
| 100 | _aNaushad Husain | ||
| 245 |
_aContemporary india and education / _cby Naushad Husain |
||
| 260 |
_aDelhi _bShipra Publications _c2017 |
||
| 270 |
_aH.O. LG 18-19, Pankaj Central Market, Patparganj, I.P. Extn. _bDelhi _e110092 _k011-22235152/6152 _minfo@shiprapublication.com |
||
| 300 |
_axvi, 416p. _b21cm(pbk) |
||
| 500 | _aIt include references | ||
| 942 |
_2ddc _cEN _h370.954 _mNAU |
||
| 999 |
_c152195 _d152195 |
||